000 00583nam a22002177a 4500
999 _c11625
_d11625
001 11625
003 BD-JhCC
005 20230208134023.0
008 200712b2017 iira|||| ||a| 001 0 eng d
020 _a9788193315835
035 _a(BD-JhCC)11625
040 _aBD-JhCC
_dBD-JhCC
041 _aeng
082 _a032
_bENC 2017
245 _aJunior ENCYCLOPEDIA:
_b Animal Kingdom /
260 _aNew Delhi:
_bSterling New Horizons Pvt Ltd;
_c2017.
300 _a224 p. :
_c 15 cm
650 _aChildren's encyclopedias and Dictionaries
942 _2ddc
_cBK
_04